000 00397nam a2200157 i 4500
001 bg
100 1 _aSAUTER, Feliks
245 0 _aPomiary i badania maszyn cieplnych.
_nCz. 1,
_pKotły parowe i silniki cieplne /
_cFeliks Sauter.
250 _aWyd.2.
260 _aŁódź,
_c1962.
040 _cBPK
041 _apol
080 _a536
942 _cKS
008 s pl f |000 0 pol
999 _c7086
_d7086
856 _uhttp://koha.tu.koszalin.pl/cgi-bin/koha/opac-detail.pl?biblionumber=7086
_yKatalog online BPK